| LEADER | 01036nam a2200337 a 4500 | ||
|---|---|---|---|
| 001 | TVCDKTCT3736 | ||
| 003 | Thư viện trường Cao đẳng Kỹ thuật Cao Thắng | ||
| 005 | 20170529153351.7 | ||
| 008 | 051011 | ||
| 980 | \ | \ | |a Thư viện Trường CĐ Kỹ Thuật Cao Thắng |
| 024 | |a RG_1 #1 eb0 i1 | ||
| 041 | 0 | # | |a vie |
| 082 | # | # | |a 540 / |b K400B-a |
| 100 | 1 | # | |a I.C Côlômicôva |
| 245 | 0 | 0 | |a Hóa học / |c I.C Côlômicôva, V.B Xura, M.E Vanhina |
| 260 | # | # | |a Maxcơva : |b Izdatelstvo , |c 1973 |
| 300 | # | # | |a 283tr. ; |c 19cm |
| 650 | # | 4 | |a Hóa học |
| 700 | 0 | # | |a M.E Vanhina |
| 700 | 0 | # | |a V.B Xura |
| 721 | # | # | |a CN Tự động |
| 721 | # | # | |a CNKT Cơ điện tử |
| 721 | # | # | |a CNKT Cơ khí |
| 721 | # | # | |a CNKT Điện |
| 721 | # | # | |a CNKT Điện tử |
| 721 | # | # | |a CNKT Điện tử viễn thông |
| 721 | # | # | |a CNKT Nhiệt lạnh |
| 721 | # | # | |a CNKT Ô tô |
| 721 | # | # | |a Công nghệ thông tin |
| 721 | # | # | |a Kế Toán |
| 841 | # | # | |b Kho Sách |j 100007885 |